000
00341nam a2200157Ia 4500
008
100204s9999 xx 000 0 und d
082
_b
29284
100
_a
तिबिले अनंत
245
_a
धडक
250
_a
0
260
_c
2009
300
_a
224
630
_a
धडक
730
_a
धडक
942
_c
BOOK
999
_c
474554
_d
474551